Statistics for Law & Order: Organized Crime Characters

Click here to take the quiz!

General Stats

  • This quiz has been taken 12 times
  • The average score is 13 of 28

Answer Stats

Answer% Correct
Elliot Stabler
88%
Olivia Benson
88%
Angela Wheatley
63%
Dana Wheatley
63%
Jet Slootmaekers
63%
Richard Wheatley
63%
Richard Wheatley, Jr.
63%
Ayanna Bell
50%
Dickie Stabler
50%
Diego Morales
50%
Elizabeth Stabler
50%
Elliot Stabler, Jr.
50%
Freddie Washburn
50%
Maureen Stabler
50%
Pilar Wheatley
50%
Gianluca Silvano
38%
Gina Cappelletti
38%
Izak Bekher
38%
Joey Raven
38%
Kathleen Stabler
38%
Ryan Wheatley
38%
Anne Frasier
25%
Denise Bullock
25%
Maria Delgado
25%
Marv Moennig
25%
Damon King
13%
Ellsworth Lee
13%
Karen King
13%

Score Distribution

Percentile by Number Answered

Percent of People with Each Score

Your Score History

You have not taken this quiz